Bác Hồ với chiến sĩ Tập 1
Những mẫu chuyện về sự chăm sóc, tình thương yêu của Bác Hồ đối với chiến sĩ quân đội nhân dân Việt Nam.
Tallennettuna:
| Päätekijä: | |
|---|---|
| Muut tekijät: | |
| Aineistotyyppi: | Kirja |
| Kieli: | Undetermined |
| Julkaistu: |
Tp. Hồ Chí Minh
Nxb. Trẻ; Quân đội nhân dân
2001
|
| Aiheet: | |
| Linkit: | http://lrc.tdmu.edu.vn/opac/search/detail.asp?aID=2&ID=16608 |
| Tagit: |
Lisää tagi
Ei tageja, Lisää ensimmäinen tagi!
|
| Thư viện lưu trữ: | Trung tâm Học liệu Trường Đại học Thủ Dầu Một |
|---|
| LEADER | 01058nam a2200229Ia 4500 | ||
|---|---|---|---|
| 001 | TDMU_16608 | ||
| 008 | 210410s9999 xx 000 0 und d | ||
| 082 | |a 895.922803 | ||
| 090 | |b L250 | ||
| 100 | |a Lê, Văn Tích | ||
| 245 | 0 | |a Bác Hồ với chiến sĩ | |
| 245 | 0 | |c Lê Văn Tích, Mạc Văn Trọng, Nguyễn Văn Khoan, Nguyễn Minh Đức biên soạn, tuyển chọn | |
| 245 | 0 | |p Tập 1 | |
| 260 | |a Tp. Hồ Chí Minh | ||
| 260 | |b Nxb. Trẻ; Quân đội nhân dân | ||
| 260 | |c 2001 | ||
| 300 | |a 186tr. | ||
| 520 | |a Những mẫu chuyện về sự chăm sóc, tình thương yêu của Bác Hồ đối với chiến sĩ quân đội nhân dân Việt Nam. | ||
| 650 | |a Hồ Chí Minh |d (1890-1969); Quân nhân |z Việt Nam; Văn học Việt Nam |x Chuyện kể | ||
| 700 | |a Mạc, Văn Trọng | ||
| 856 | |u http://lrc.tdmu.edu.vn/opac/search/detail.asp?aID=2&ID=16608 | ||
| 980 | |a Trung tâm Học liệu Trường Đại học Thủ Dầu Một | ||